|
|
|
|
| LEADER |
00000cam a2200000 7i4500 |
| 001 |
0000002730 |
| 005 |
20031230.0 |
| 090 |
0 |
0 |
|a 333.7316095
|b UPL 1991
|
| 245 |
0 |
0 |
|a UPLAND conservation in Asia and the Pacific
|c edited by Charles Castro
|
| 260 |
0 |
0 |
|a Bangkok :
|b Regional Office for Asia and the Pacific, Food and Agriculture Organization of the United Nations ,
|c 1991
|
| 300 |
|
|
|a 114 p. ;
|c 23 cm.
|
| 440 |
0 |
0 |
|a RAPA publication ; 1991/15
|
| 500 |
0 |
0 |
|a Includes bibliographical references (p. 20)
|
| 650 |
0 |
0 |
|a Forest conservation
|z Asia
|x Citizen participation
|x Congresses
|
| 650 |
0 |
0 |
|a Upland conservation
|z Asia
|x Citizen participation
|x Congresses
|
| 650 |
0 |
0 |
|a Watershed management
|z Asia
|x Citizen participation
|x Congresses
|
| 700 |
0 |
1 |
|a Castro
|h Charles
|
| 998 |
|
|
|a JPSM
|
| 999 |
|
|
|a 0000004443
|b Monograph
|c Open Shelf
|e Default branch
|